|
|
|
|
| LEADER |
00000nab a2200000 a 4500 |
| 001 |
vtls008940134 |
| 003 |
SK-MaSNL |
| 005 |
20260303071319.0 |
| 008 |
070129c20061012xo dr n 000 00slo |
| 015 |
|
|
|a SNBRB2007/01SVKPO
|
| 038 |
|
|
|a SVKPOCL
|
| 040 |
|
|
|a SVKPOCL
|b slo
|c AACR2
|e AACR2
|
| 041 |
|
|
|a slo
|
| 044 |
|
|
|a xo
|c SK
|
| 080 |
|
|
|a 78.071.2
|2 2001
|
| 080 |
|
|
|a 929 Servická, Anna
|2 2001
|
| 100 |
1 |
|
|a Čusová, Andrea
|4 ivr
|4 aut
|9 331613
|
| 245 |
1 |
0 |
|a Keď je život v Božej vôli...cesta
|b Anna Servická: "Myslím si, že som sa vybrala po tej správnej ceste
|c [zhovárala sa] Andrea Čusová
|
| 300 |
|
|
|a Fotogr.
|
| 600 |
1 |
7 |
|a Servická, Anna
|d 1962-
|2 svkpocl
|9 117677
|
| 651 |
|
7 |
|a Prešov (Slovensko)
|2 svkpocl
|9 17347
|
| 700 |
1 |
|
|a Servická, Anna,
|d 1962-
|4 ive
|4 aut
|9 117677
|
| 773 |
0 |
|
|t Prešovský večerník
|g Roč. XVII, č. 4058 (12.10.2006), s. 6
|x 1336-4030
|
| 852 |
|
|
|a SVKPO
|b KIS3GCP
|
| 856 |
4 |
1 |
|u www.vecernik.po.sk
|
| 958 |
|
|
|a RG
|
| 958 |
|
|
|a RN
|
| 958 |
|
|
|a BX
|
| 999 |
|
|
|c 1759335
|d 1761265
|